| 000 | 00485nam a2200181Ia 4500 | ||
|---|---|---|---|
| 005 | 20250508160419.0 | ||
| 008 | 008 250505s9999 xx 000 0 eng d | ||
| 037 | _aTextual | ||
| 040 |
_aFEDL _beng _cFEDL |
||
| 041 |
_aeng _2eng |
||
| 084 |
_a513.83, KEL _qFEDL |
||
| 100 | _aKelley J L | ||
| 245 | 0 | _aLinear topological spaces | |
| 260 |
_aPrinceton _bD Van Nostrand Company _c1963 |
||
| 300 | _a256p. | ||
| 942 |
_cTEXL _h513.83, KEL |
||
| 999 |
_c1364469 _d1364469 |
||